LEADER 01128nam a2200277 u 4500 001 000000078687 003 CaOOAMICUS 005 20070226123445.0 008 040511s2002 it u000 u ita u 020 $a8882721205 035 $a10994560 040 $aPUL$bita 100 1 $aIbegbu, Jude I.$0(OLS)http://pul/name/38214 245 10$aRicerca sulle cellule staminali e sulla "clonazione terapeutica" /$cJude Ibegbu. 260 $aSiena :$bCantagalli,$c2002. 300 $a140 p. ;$c25 cm 500 $aContiene indici. 504 $aBibliografia in nota ed in appendice. 650 4$aBioetica.$0(OLS)http://pul/subject/2868 650 4$aClonazione$xAspetti religiosi.$0(OLS)http://pul/subject/26718 850 $aPUL 852 $aPUL$W1$xSL Religione 1$y3$m39 C 63$j100870$nBK-PRI$b $qStampati$B100870$CPULBib$Z2$F100870 $HPUL90479 $81 941 1 $a8 996 $6020$a8882721205$9(OLS)http://pul/number/103179 996 $6245$aRicerca sulle cellule staminali e sulla "clonazione terapeutica"$9(OLS)http://pul/title/103048 996 $6260$aSiena :$bCantagalli$9(OLS)http://pul/publisher/48759 LEADER 01261nam a2200301 a 4500 001 000000175813 003 CaOOAMICUS 005 20230306111908.0 008 230306s2022 it u000 u ita r 020 $a979-12-5976-458-4* 032 $aLibriCat 040 $aPUL$bita 082 04$a262.9 245 00$aDiritti e tutela dei minori :$bprofili interdisciplinari / $ca cura di Antonio Foderaro e Paolo Palumbo. 260 $aNapoli :$bEditoriale Scientifica,$cİ2022. 300 $a382 p. ;$c23 cm 504 $aBibliografia in nota. 650 4$aMinori$xDiritto Canonico.$0(OLS)http://pul/subject/43045 700 1 $aFoderaro, Antonio.$0(OLS)http://pul/name/82829 700 1 $aPalumbo, Paolo.$0(OLS)http://pul/name/102633 850 $aPUL 852 $aPUL$W1$xSL Diritto Canonico 3$y77$m262. 9 FODAN 1$j199977$qDDC 21$B204758$CPULBib$Z2$F204758 $H136150 $82 941 1 $a9 996 $6020$a979-12-5976-458-4*$9(OLS)http://pul/number/169077 996 $6082$a262.9$9(OLS)http://pul/classification/369 996 $6245$aDiritti e tutela dei minori :$bprofili interdisciplinari / $9(OLS)http://pul/title/217274 996 $6260$aNapoli :$bEditoriale Scientifica$9(OLS)http://pul/publisher/64720